Statystyki dla Kraje mniej zaludnione niż ich sąsiedzi

Kliknij tutaj aby rozwiązać quiz!

Ogólne statystyki

  • Ten quiz został rozwiązany 161 razy
  • Średni wynik to 28 z 52

Statystyki odpowiedzi

Kraj% Poprawnych
Watykan
87%
San Marino
84%
Andora
79%
Luksemburg
76%
Monako
74%
Liechtenstein
73%
Estonia
70%
Kanada
66%
Korea Północna
66%
Norwegia
66%
Irlandia
64%
Dania
63%
Portugalia
61%
Urugwaj
61%
Lesotho
59%
Mongolia
58%
Armenia
57%
Bhutan
57%
Oman
57%
Katar
56%
Mołdawia
56%
Słowacja
55%
Dominikana
54%
Laos
54%
Nepal
54%
Paragwaj
54%
Brunei
53%
Eswatini
52%
Surinam
52%
Panama
50%
Dżibuti
49%
Kuwejt
49%
Kirgistan
48%
Belize
47%
Czarnogóra
47%
Ekwador
47%
Papua-Nowa Gwinea
47%
Słowenia
47%
Liban
46%
Gambia
45%
Burundi
44%
Timor Wschodni
44%
Salwador
41%
Gwinea Równikowa
40%
Togo
40%
Libia
36%
Gwinea Bissau
34%
Turkmenistan
30%
Liberia
28%
Botswana
26%
Mauretania
24%
Jordania
23%

Rozkład punktacji

Percentyl według liczby udzielonych odpowiedzi

Procent ludzi z każdym wynikiem

Twoja historia wyników

Nie rozwiązałeś tego quizu